000 00423nam a2200157Ia 4500
008 230711s9999||||xx |||||||||||||| ||und||
041 _aENG
082 _a621.3
_bGI-E
100 _aGibilisco, Stan
245 0 _aInternational encyclopedia of integrated circuits
250 _a2nd Ed.
260 _c1989
_aNew York
_bTata McGraw Hill Education Limited
300 _a1142
650 _aElectronics Engineering
942 _cBK
999 _c2892
_d2892